Statistiques concernant Pire pays où être LGBT+

Cliquez ici pour prendre le quiz!

Statistiques générales

  • Ce quiz a été pris 782 fois
  • Le résultat moyen est 18 sur 40

Statistiques - réponses

% d'égalités des droitsPays% Correct
11%Maroc
89%
15%Algérie
87%
15%Tunisie
76%
14%Arabie Saoudite
74%
4%Iran
74%
17%Irak
71%
12%Égypte
68%
1%Afghanistan
65%
14%Corée du Nord
64%
13%Sénégal
58%
7%Qatar
56%
11%Libye
55%
15%Émirats arabes unis
53%
7%Nigeria
52%
8%Yémen
51%
17%Liban
48%
13%Soudan
48%
7%Somalie
46%
8%Mauritanie
44%
6%Oman
44%
10%Éthiopie
40%
10%Cameroun
38%
17%Guinée
35%
17%Kenya
35%
13%Koweït
34%
12%Ouzbékistan
34%
12%Turkménistan
34%
12%Tanzanie
31%
9%Érythrée
29%
18%Togo
29%
14%Malaisie
26%
16%Zambie
25%
17%Comores
24%
16%Ghana
24%
14%Ouganda
24%
9%Gambie
23%
3%Brunei
17%
16%Maldives
17%
15%Malawi
16%
18%Saint-Vincent-et-les-Grenadines
2%

Distribution des résultats

Percentile par nombre de réponses

% des personnes avec chaque résultat

Votre développement - résultats

Vous n’avez pas pris ce quiz